MARC

LEADER 00000nam0a2200000 4500
001 22191
005 20231030194547.0
010 |a 0863413099 
035 |a (RuTPU)RU\TPU\book\22403 
035 |a BOOK00022473 
090 |a 22191 
100 |a 20011209d1998 m y0engy50 ba 
101 0 |a eng 
102 |a GB 
105 |a y j 001zy 
200 1 |a Electricity distribution network design  |f E. Lakervi, E. J. Holmes 
205 |a 2nd ed. 
210 |c Peter Peregrinus Ltd  |d 1998 
215 |a 325 p. 
225 1 |a IEE Power Engineering 
610 1 |a электротехника 
610 1 |a электричество 
610 1 |a электрические схемы 
610 1 |a проектирование 
610 1 |a распределение 
610 1 |a чертежи 
610 1 |a учебные пособия 
610 1 |a английский язык 
675 |a 621.3.061(075.8)  |v 3 
700 1 |a Lakervi  |b E. 
701 1 |a Holmes  |b E. J. 
801 0 |a RU  |b 63413507  |c 20011209  |g PSBO 
801 2 |a RU  |b 63413507  |c 20100914  |g PSBO 
942 |c BK